Principios de derecho penal tributario

Bewaard in:
Bibliografische gegevens
Hoofdauteur: Lo Monte, Elio (autor)
Formaat: Boek
Taal:Spaans
Gepubliceerd in: Montevideo B de F 2006
Onderwerpen:
Tags: Voeg label toe
Geen labels, Wees de eerste die dit record labelt!

MARC

LEADER 00000nam a2200000 a 4500
001 UCG4737
003 CL-VaPUC
008 101125e20060000uy |||||||||||||||||spa|d
020 |a 9974578655 
082 0 4 |a 343.04  |b LOM  |2 21 
100 |a Lo Monte, Elio  |e autor  |9 554182 
245 1 0 |a Principios de derecho penal tributario 
300 |a 308 p 
942 |c BK 
945 |d 20101125 00:00:00  |a mfarfan 
260 |a Montevideo  |b B de F  |c 2006 
650 7 |a DERECHO TRIBUTARIOS  |2 CL-VaPUC  |9 554183 
650 7 |a DELITOS TRIBUTARIOS  |2 CL-VaPUC  |9 389324 
583 |a last modification  |c 20150430 03:56:36  |k Rodrigo Vera 
999 |c 343386  |d 343384 
952 |0 0  |1 0  |4 0  |6 343_040000000000000_LOM_2006  |7 0  |8 A  |9 440672  |a BIBDER  |b BIBDER  |d 2019-11-22  |i 4738055  |o 343.04 LOM 2006  |p 4738055  |r 2023-01-25  |w 2019-11-22  |y BK  |k DER